Rítmica musical / (Record no. 20658)

000 -CABECERA
fixed length control field 00762nam a22002297a 4500
003 - IDENTIFICADOR DEL NÚMERO DE CONTROL
control field AR-CdUCM
008 - DATOS DE LONGITUD FIJA--INFORMACIÓN GENERAL
fixed length control field 190601b ||||| |||| 00| 0 spa d
040 ## - FUENTE DE LA CATALOGACIÓN
Agencia/entidad que catalogó originalmente la obra MUNICIPALIDAD PROVINCIAL DEL CUSCO
Entidad que transcribió la catalogación BIBLIOTECA MUNICIPAL DEL CUSCO
082 ## - NÚMERO DE LA CLASIFICACIÓN DECIMAL DEWEY
No. de Clasificación 781.6 /
Notacion interna T12
100 ## - ENTRADA PRINCIPAL--NOMBRE DE PERSONA
Nombre Personal Tacchinardi, Alberto
245 ## - MENCIÓN DE TÍTULO
Título Rítmica musical /
260 ## - PUBLICACIÓN, DISTRIBUCIÓN, ETC.
Lugar de publicación, distribución, etc. Buenos Aires :
Nombre de la editorial, distribuidor, etc. Julio Korn,
Fecha de publicación, distribución, etc. 1954.
300 ## - DESCRIPCIÓN FÍSICA
Nº de Páginas Extensión 202 páginas;
Dimensiones 24 cm.
Otros detalles físicos música.
505 ## - NOTA DE CONTENIDO CON FORMATO
Nota de contenido formateada Contenido: Orígenes del ritmo y del metro -- Importancia del ritmo -- Ritmica y metrica...
650 ## - PUNTO DE ACCESO ADICIONAL DE MATERIA--TÉRMINO DE MATERIA
Descriptor Composición
9 (RLIN) 19519
650 ## - PUNTO DE ACCESO ADICIONAL DE MATERIA--TÉRMINO DE MATERIA
Descriptor Musical
9 (RLIN) 5781
650 ## - PUNTO DE ACCESO ADICIONAL DE MATERIA--TÉRMINO DE MATERIA
Descriptor Instrucción
9 (RLIN) 29504
650 ## - PUNTO DE ACCESO ADICIONAL DE MATERIA--TÉRMINO DE MATERIA
Descriptor Estudio
9 (RLIN) 4228
710 ## - PUNTO DE ACCESO ADICIONAL--NOMBRE DE ENTIDAD CORPORATIVA
Nombre corporativo (En letras Mayúsculas) Branda Carcano, Maria Teresa
9 (RLIN) 43188
942 ## - ELEMENTOS DE PUNTO DE ACCESO ADICIONAL (KOHA)
Fuente de clasificación
Tipo de item Libros-BMC
945 ## - PROCESAMIENTO DE INFORMACIÓN LOCAL (OCLC)
Catalogador rcc
Holdings
Estado de retiro (separado) Fuente de clasificación o esquema de estanterías Estado dañado Ubicación Sala donde se ubica Nombre de la colección Fecha de adquisición o compra Costo, precio normal en soles Signatura topográfica Código de Barras Última vez visto (Koha) Tipo de ítem (Koha)
No     Sala Artes Sala Artes Book Cart 2019-06-03 25.00 781.6 / T12 SA0000000612 2019-06-03 Libros-BMC

Powered by Koha